000
00338 a2200133 4500
000
nam a22 7a 4500
100
_a
D H Goswami
110
_a
D H Goswami
245
_a
आधुनिक युग में योग शिक्षा
250
_a
latest edition
260
_b
Mark
_c
2022
264
_b
Mark
_c
2022
942
_c
BK
999
_c
396251
_d
396251